Law of leases

Bibliographic Details
Main Author: McMillan, S. K.
Format: Book
Published: London : The estate Gazette , 1070
Subjects:

MARC

LEADER 00000cam a2200000 7i4500
001 0000008872
005 20160324.0
040 |a INS 
090 0 0 |a KD899   |b M55 1970 
100 1 |a McMillan, S. K. 
245 1 0 |a Law of leases   |c S. K. Mc Millan 
260 |a London :   |b The estate Gazette ,   |c 1070 
300 |a xxiip :   |b 410p ;   |c 22cm. 
650 0 0 |a Land tenure   |x Law 
650 0 0 |a Leases   |x Great Britain 
999 |a 0000022847   |b BOOK   |c Open Shelf   |e Default branch